000 00591cam a22002291 4500
001 5982665
005 20180202043417.0
008 721218s1942 nyuabf b 000 0 eng
010 _a 42022348
035 _a(OCoLC)519294
040 _aDLC
_cOKentU
_dOCoLC
_dDLC
041 _aeng
042 _apremarc
080 _a551.3
082 _a551.3 ENG
100 1 _a42
101 _aGJEO
245 1 0 _aGeomorphology, systematic and regional,
_cby O. D. von Engeln ...
504 _aIncludes bibliographies.
906 _a7
_bcbc
_coclcrpl
_du
_encip
_f19
_gy-gencatlg
942 _2ddc
_cBK
999 _c41601
_d41601